History Quiz

Random History or Decade Quiz

'40s Timeline Picture Click Quiz Stats

 Plays Quiz Updated Nov 6, 2017

Challenge
Share
Tweet
Score 0/10 Timer 03:00
5 Plays Today
% Correct
1949- George Orwell's
novel '1984' is published
81.3%
1945- The United States drops
atomic bombs on the Japanese
cities Hiroshima and Nagasaki
80.4%
1941- The Japanese Navy
attacks the United States Naval
Base at Pearl Harbor
76.9%
1944- Allied forces land on the
beaches of Normandy on what
would be known as D-Day
74.6%
1948- President Harry S. Truman
triumphantly displays an incorrect
headline after winning the 1948 election
74.3%
1940- The British Royal Air Force
defends the United Kingdom against
airborne attacks from Germany
64.4%
1942- The film 'Casablanca'
premieres in the United States
52.7%
1947- Jackie Robinson becomes
the first African American
player in the MLB
51.5%
1946- Winston Churchill delivers
his 'Iron Curtain' speech
43.3%
1943- 'Oklahoma' opens on Broadway
40.5%

You're not logged in!

Compare scores with friends on all Sporcle quizzes.
Join for Free
OR
Log In

You Might Also Like...

Show Comments

Extras

Top Quizzes Today


Score Distribution

Your Account Isn't Verified!

In order to create a playlist on Sporcle, you need to verify the email address you used during registration. Go to your Sporcle Settings to finish the process.

Report this User

Report this user for behavior that violates our Community Guidelines.

Details: